Plus Grandes Villes de l'Amérique Centrale (et du Mexique) - Statistiques

Statistiques générales
  • Ce quiz a été pris 329 fois
    265 depuis la dernière actualisation
  • Le résultat moyen est 8 sur 14
Statistiques - réponses
Pays Population Ville % Correct
Mexique 21,8 M Mexico
99%
Panama 1,7 M Panama
82%
Guatemala 2,9 M Guatemala
74%
Costa Rica 1,3 M San José
69%
Salvador 1,1 M San Salvador
64%
Mexique 5,3 M Guadalajara
63%
Honduras 1,2 M Tegucigalpa
62%
Mexique 5,3 M Monterrey
60%
Nicaragua 1 M Managua
56%
Mexique 2,2 M Tijuana
51%
Mexique 3,2 M Puebla
32%
Mexique 1,9 M León
23%
Honduras 852 K San Pedro Sula
13%
Mexique 2,4 M Toluca
13%
Aucun quiz correspondant
Distribution des résultats
% des personnes avec chaque résultat
Percentile par nombre de réponses
Votre historique - résultats
Vous n’avez pas pris ce quiz depuis la dernière actualisation